000 00345 a2200157 4500
001 183981
020 _a84-348-3770-6
040 _cMagnum
100 _aAmado, Antón Cortizas
240 1 0 _aEl lápiz de rosalía
_lESP
245 1 0 _aEl lápiz de rosalía
300 _a62
362 0 _a1999
697 _aLITERATURA ESPANHOLA
942 _cBK
999 _c183981
_d183981